Les 10 plus grandes villes de Lorraine - Statistiques

Statistiques générales
  • Ce quiz a été pris 300 fois
  • Le résultat moyen est 6 sur 10
Statistiques - réponses
Place habitants reponse % Correct
1 120 211 Metz
99%
2 104 403 Nancy
98%
3 41 383 Thionville
74%
4 31 832 Epinal
68%
10 17 858 Luneville
55%
7 21 509 Forbach
46%
8 20 555 Sarreguemines
41%
5 29 723 Vandoeuvre-les-Nancy
29%
6 21 788 Montigny-les-Metz
26%
9 19 490 Saint-Die-des-Vosges
24%
Aucun quiz correspondant
Distribution des résultats
% des personnes avec chaque résultat
Percentile par nombre de réponses
Votre historique - résultats
Vous n’avez pas pris ce quiz